000 00300nam a22001337a 4500
008 180807b xxu||||| |||| 00| 0 eng d
082 _a813.52
245 _aCase problems in finance
_cTUFANO.K.R
260 _c2005
300 _a1
_fCD
440 _x007123927D
760 _b12 th
942 _2ddc
_cMX
999 _c46906
_d46906